[Event "56th Rubinstein Memorial D 2020"]
[Site "Polanica Zdroj"]
[Date "2020.08.17"]
[Round "3.8"]
[White "Borowski, Przemyslaw"]
[Black "Szmidt, Przemyslaw"]
[Result "0-1"]
[WhiteElo "1790"]
[BlackElo "1831"]
[Annotator "NA RC"]
[PlyCount "101"]
[EventDate "2020.08.15"]
[EventType "swiss"]
[EventCountry "POL"]
[SourceTitle "playchess.com"]
[Source "ChessBase"]
[SourceQuality "1"]
[TimeControl "40/5400+30:1800+30"]

{[%evp 8,95,-10,-17,5,2,0,-19,-17,-72,-48,-43,0,-18,-24,-23,-12,-17,-13,-28,-7,-29,-25,-63,73,16,49,41,47,60,73,21,35,0,0,-6,0,0,-7,-101,-65,-90,0,9,0,-59,-77,-82,-83,-70,-87,-222,-260,-245,-182,-370,-212,-212,-210,-203,-223,-222,-50,-41,-40,-45,-39,-41,-38,-36,-35,-323,-57,-81,-64,-72,-60,-127,-122,-122,-131,-127,-76,-179,-191,-262,-329,-486,-673,-783]} 1. e4 {[%emt 0:00:00]} c5 {[%emt 0:00:00]} 2. Nc3 {[%emt 0:00:00]} Nc6 {[%emt 0:00:29]} 3. f4 {[%emt 0:00:00]} g6 {[%emt 0:00:59]} 4. Nf3 {[%emt 0:01:35]} Bg7 {[%emt 0:00:22]} 5. Bc4 {[%emt 0:01:55]} d6 {[%emt 0:00:46]} 6. O-O {[%emt 0:02:03]} e6 {[%emt 0:01:00]} 7. d3 {[%emt 0:05:56] 7.d4 is more fashionable.} Nge7 {[%emt 0:00:13]} 8. g4 {[%emt 0:14:04] [#] B23: Closed Sicilian: Lines without g3.} (8. Bb3 $11) 8... Nd4 $146 {[%emt 0:03:00]} ({Predecessor:} 8... b6 9. f5 gxf5 10. gxf5 d5 11. Bb3 dxe4 12. Ng5 h6 13. Nxf7 Kxf7 14. fxe6+ Kg8 15. Nxe4 Qd4+ {½-½ (32) Luchaninov,R-Gogol,V (2032) Myrhorod 2011}) 9. f5 {[%emt 0:11:16]} Nec6 {[%emt 0:04:04]} (9... d5 $15 10. Bb3 Nxb3 11. axb3 exf5 12. gxf5 dxe4 13. dxe4 Qxd1 14. Rxd1 Bxc3 15. bxc3 gxf5) 10. fxe6 {[%emt 0:06:48]} Bxe6 {[%emt 0:00:59]} 11. Bxe6 {[%emt 0:00:42]} Nxe6 {[%emt 0:00:23]} 12. Nd5 {[%emt 0:02:43]} O-O {[%emt 0:01:35]} 13. g5 {[%emt 0:05:11]} Ncd4 {[%emt 0:03:09]} 14. h4 {[%emt 0:03:40]} Nc7 {[%emt 0:01:18]} 15. Nf6+ {[%emt 0:03:18]} Kh8 {[%emt 0:05:13]} (15... Bxf6 $15 16. gxf6 Qxf6) 16. c3 {[%emt 0:10:01]} Nc6 {[%emt 0:03:36]} 17. Nh2 {[%emt 0:00:52]} d5 {[%emt 0:05:42]} 18. Nhg4 {[%emt 0:02:44]} dxe4 {[%emt 0:03:35]} 19. Nxe4 {[%emt 0:03:29]} Ne6 {[%emt 0:02:08]} 20. Nef6 {[%emt 0:01:00]} Qd6 {[%emt 0:00:59]} 21. Rf3 {[%emt 0:08:07]} Rad8 {[%emt 0:03:08]} 22. Ne4 {[%emt 0:01:32]} Qc7 {[%emt 0:02:31]} 23. Ngf6 {[%emt 0:00:48]} (23. Be3 $11) 23... Ne5 {[%emt 0:02:07]} 24. Rh3 {[%emt 0:00:28]} Qc8 {[%emt 0:05:52]} (24... Bxf6 $1 $15 25. Nxf6 Nd7) 25. Qf1 {[%emt 0:01:11]} Nd7 {[%emt 0:01:31]} 26. h5 {[%emt 0:03:16]} (26. Bd2 $11) 26... Bxf6 $1 {[%emt 0:00:21]} 27. hxg6 {[%emt 0:05:10] [#]} Bd4+ $1 {[%emt 0:03:06]} 28. cxd4 {[%emt 0:00:50]} fxg6 {[%emt 0:00:09] Discovered Attack} 29. Nf6 {[%emt 0:03:00]} (29. Qg2 $17 Nxd4 30. Bd2) 29... Nxf6 {[%emt 0:00:32]} 30. gxf6 {[%emt 0:00:09]} Nxd4 {[%emt 0:01:19]} 31. f7 $2 {[%emt 0:01:56]} (31. Bh6 {was worth a try.} Rf7 32. Re1) 31... Qf5 {[%emt 0:01:28]} ({Don't go for} 31... Rxf7 $2 32. Qxf7 Qg4+ 33. Kh2 $18) (31... Qg4+ $142 32. Kh2 Qe6) 32. Qxf5 {[%emt 0:01:17]} Nxf5 {[%emt 0:00:14]} ({But not} 32... gxf5 33. Bg5 $17) 33. Bg5 {[%emt 0:00:36]} Rd6 {[%emt 0:00:13]} 34. Re1 {[%emt 0:00:44]} Rxf7 {[%emt 0:00:23]} (34... h5 $19 35. Re7 Kg7) 35. Re8+ {[%emt 0:00:20]} Kg7 {[%emt 0:00:09]} 36. Bf4 {[%emt 0:00:40]} Rd5 {[%emt 0:04:11]} 37. Be5+ {[%emt 0:00:20] [#]} Rxe5 $1 {[%emt 0:00:05]} 38. Rxe5 {[%emt 0:00:05]} b6 {[%emt 0:00:20]} 39. Rh2 $2 {[%emt 0:01:09]} (39. Rd5 $11 {and White is okay.}) 39... Rd7 $2 {[%emt 0:00:23]} (39... Nd4 $19 40. Rh3 Nf3+ 41. Rxf3 Rxf3) 40. Rd2 {[%emt 0:00:33]} Kf6 {[%emt 0:00:13]} 41. Re8 {[%emt 0:30:23]} h5 {[%emt 0:30:23]} 42. Rde2 {[%emt 0:00:34]} (42. a4 $11 {remains equal.}) 42... Rxd3 {[%emt 0:00:57]} 43. Rf8+ {[%emt 0:00:31]} Kg5 {[%emt 0:01:45]} 44. Rf7 {[%emt 0:00:24]} a5 {[%emt 0:01:10]} 45. Rb7 {[%emt 0:00:36]} ({White should play} 45. Rg2+ $1 $15 Ng3 46. Rb7) 45... Rd6 {[%emt 0:00:50]} 46. Re8 {[%emt 0:00:21]} (46. Kh2 {was called for.}) 46... Kg4 {[%emt 0:01:56]} 47. Reb8 {[%emt 0:00:34]} Rd2 {[%emt 0:02:03]} 48. Rxb6 $19 {[%emt 0:00:25]} Ng3 {[%emt 0:00:11]} 49. Rxg6+ {[%emt 0:00:25]} Kh3 {[%emt 0:00:06]} 50. Rb3 {[%emt 0:00:41]} Re2 51. Rb8 0-1

[Event "56th Rubinstein Memorial D 2020"]
[Site "Polanica Zdroj"]
[Date "2020.08.17"]
[Round "3.9"]
[White "Wawrzyniak, Pawel"]
[Black "Goral, Jan"]
[Result "1-0"]
[WhiteElo "1824"]
[BlackElo "1580"]
[Annotator "NA RC"]
[PlyCount "109"]
[EventDate "2020.08.15"]
[EventType "swiss"]
[EventCountry "POL"]
[SourceTitle "playchess.com"]
[Source "ChessBase"]
[SourceQuality "1"]
[TimeControl "40/5400+30:1800+30"]

{[%evp 8,109,18,13,33,22,27,40,80,63,98,99,99,33,43,29,38,30,70,71,74,47,47,47,44,37,81,83,70,60,109,88,81,70,67,73,79,66,222,239,32767,269,318,215,183,188,204,194,198,227,268,277,314,277,268,284,281,315,267,32767,32767,32767,32767,32767,32767,32767,32767,403,594,597,671,691,753,774,925,1021,1055,1135,1290,32767,1311,1227,1330,1448,1303,1804,2068,1848,1945,2298,2250,2897,3012,2790,32767,32767,32767,32767,32767,12846,29984,29985,29986,29989]} 1. d4 {[%emt 0:00:00]} f5 {[%emt 0:00:00]} 2. Nf3 {[%emt 0:00:31]} Nf6 {[%emt 0:00:35]} 3. g3 {[%emt 0:00:12]} g6 {[%emt 0:00:23]} 4. Bg2 {[%emt 0:00:08]} Bg7 {[%emt 0:00:30]} 5. O-O {[%emt 0:00:13]} d6 {[%emt 0:00:33]} 6. b3 {[%emt 0:00:59]} O-O {[%emt 0:00:39]} 7. Bb2 {[%emt 0:00:07]} e5 {[%emt 0:06:50]} 8. dxe5 {[%emt 0:19:17]} Ng4 {[%emt 0:00:20]} 9. Qd5+ {[%emt 0:00:30] A81: Dutch Defence: 2 g3.} Kh8 {[%emt 0:00:33]} 10. Rd1 {[%emt 0:27:39]} Nc6 {[%emt 0:04:38]} 11. Na3 {[%emt 0:00:48]} Ngxe5 {[%emt 0:08:59]} 12. Nxe5 {[%emt 0:00:24] [#]} Bxe5 $146 {[%emt 0:04:23]} ({Predecessor:} 12... Nxe5 13. Nc4 Nc6 14. Bxg7+ Kxg7 15. Na5 Nxa5 16. Qxa5 c6 17. Qb4 Rf6 18. Rd2 Qb6 19. Qf4 d5 20. Rad1 Be6 21. h4 h6 22. Qe5 Raf8 23. e3 {½-½ (23) Kolthoff,S (2186)-Pflantz,M (2217) Buchholz in der Nordheide 2000}) 13. Bxe5+ {[%emt 0:01:01]} Nxe5 {[%emt 0:00:15]} 14. Nc4 {[%emt 0:06:26]} Qf6 {[%emt 0:01:23]} 15. Nxe5 {[%emt 0:03:36]} dxe5 {[%emt 0:00:37]} 16. Qc5 {[%emt 0:02:36]} c6 {[%emt 0:03:51]} 17. Rd6 {[%emt 0:03:50]} Be6 {[%emt 0:00:51]} 18. Rad1 {[%emt 0:03:50]} Rfe8 {[%emt 0:07:38]} 19. a4 {[%emt 0:10:10]} Qg7 {[%emt 0:06:53]} 20. a5 {[%emt 0:02:08]} a6 $1 {[%emt 0:01:24]} 21. e3 {[%emt 0:02:06]} e4 {[%emt 0:04:16]} 22. Bf1 {[%emt 0:00:32]} f4 {[%emt 0:06:33]} (22... Re7 $16 {keeps fighting.}) 23. exf4 {[%emt 0:01:02]} ({Much less strong is} 23. gxf4 $6 Bf5 $16) 23... Bg4 {[%emt 0:00:41]} 24. R1d2 {[%emt 0:05:41]} h6 {[%emt 0:05:23]} 25. Qd4 {[%emt 0:03:12]} Qxd4 {[%emt 0:02:06]} 26. R2xd4 {[%emt 0:00:07]} Bf5 {[%emt 0:01:24]} 27. Bc4 {[%emt 0:04:15]} Kg7 {[%emt 0:00:21]} 28. Kf1 {[%emt 0:01:12]} h5 {[%emt 0:01:26]} 29. Ke2 {[%emt 0:00:41]} Rac8 {[%emt 0:01:25]} 30. Ke3 {[%emt 0:00:29]} Rc7 {[%emt 0:03:50]} 31. Rd8 {[%emt 0:00:51]} Rce7 {[%emt 0:02:03]} 32. Rxe8 {[%emt 0:00:32]} Rxe8 {[%emt 0:00:07]} 33. Rd6 {[%emt 0:00:42]} Bh3 {[%emt 0:00:53]} 34. Kd4 {[%emt 0:00:23]} Bf5 {[%emt 0:00:24]} 35. Ke3 {[%emt 0:00:05]} Bh3 {[%emt 0:00:05]} 36. Kd4 {[%emt 0:00:01]} Bf5 {[%emt 0:00:01]} 37. Kc5 {[%emt 0:01:17]} Bc8 {[%emt 0:02:08]} 38. Kb6 {[%emt 0:00:20]} Rf8 {[%emt 0:02:54]} 39. Kc7 {[%emt 0:00:14]} Bg4 {[%emt 0:02:23]} 40. Kxb7 {[%emt 0:00:20]} Bf3 {[%emt 0:00:54]} 41. Kxa6 {[%emt 0:30:25]} Ra8+ {[%emt 0:30:12]} 42. Kb6 {[%emt 0:00:10]} c5 {[%emt 0:01:07]} 43. Bd5 {[%emt 0:00:32]} Rb8+ {[%emt 0:00:35]} 44. Kxc5 {[%emt 0:00:38]} Rc8+ {[%emt 0:00:20]} 45. Rc6 {[%emt 0:00:08]} Rd8 {[%emt 0:00:27]} 46. c4 {[%emt 0:00:18]} Rb8 {[%emt 0:00:56]} 47. b4 {[%emt 0:00:14]} Re8 {[%emt 0:00:44]} 48. Rc7+ {[%emt 0:00:15]} Kh6 {[%emt 0:00:11]} 49. a6 {[%emt 0:00:29]} e3 {[%emt 0:00:25]} 50. fxe3 {[%emt 0:00:06]} Bxd5 {[%emt 0:00:07]} 51. cxd5 {[%emt 0:00:06]} Ra8 {[%emt 0:00:06]} 52. a7 {[%emt 0:00:11]} h4 {[%emt 0:00:10]} 53. gxh4 {[%emt 0:00:21]} g5 {[%emt 0:00:10]} 54. hxg5+ {[%emt 0:00:35]} Kg6 {[%emt 0:00:10]} 55. Kb6 {[%emt 0:00:16]} 1-0

[Event "56th Rubinstein Memorial D 2020"]
[Site "Polanica Zdroj"]
[Date "2020.08.17"]
[Round "3.10"]
[White "Ciechonski, Piotr"]
[Black "Kozlowski, Pawel"]
[Result "0-1"]
[WhiteElo "1774"]
[BlackElo "1913"]
[Annotator "TA"]
[PlyCount "96"]
[EventDate "2020.08.15"]
[EventType "swiss"]
[EventCountry "POL"]
[SourceTitle "playchess.com"]
[Source "ChessBase"]
[SourceQuality "1"]

{[%evp 20,96,-15,-31,0,-19,0,0,2,-4,0,4,10,-16,-6,-80,-20,-109,-111,-112,-104,-135,-129,-137,-129,-138,-121,-279,-275,-385,-379,-379,-376,-363,-367,-344,-304,-329,-327,-312,-309,-400,-392,-397,-384,-404,-415,-415,-406,-407,-399,-423,-423,-423,-423,-423,-423,-423,-423,-423,-423,-423,-423,-412,-404,-571,-553,-1541,-1594,-889,-586,-6301,-6301,-6079,-5591,-29978,-5102,-29979,-29980]} 1. e4 e6 2. d3 d5 3. Nd2 Nf6 4. Ngf3 c5 5. g3 Nc6 6. Bg2 Be7 7. O-O b6 8. e5 Nd7 9. Re1 Qc7 10. Qe2 Bb7 11. c4 {is the new trend.} Nb4 {Hoping for ...Nc2. C00: French: Unusual White 2nd moves.} 12. Nf1 dxc4 13. dxc4 h6 {The position is equal.} 14. h4 {[#]} O-O-O $146 ({Predecessor:} 14... Rd8 15. a3 Nc6 16. N1h2 Ba6 17. b3 Nd4 18. Nxd4 cxd4 19. Qg4 g5 20. hxg5 hxg5 21. Bxg5 Nxe5 {1-0 (32) Lazic,M (2461)-Bareyre,P (2164) Nice 2002}) 15. a3 Nc6 16. N1h2 {[#]} g5 $1 {[%mdl 512]} 17. hxg5 (17. h5 $1 $11) 17... hxg5 $17 18. Bxg5 (18. Bd2 $11 {remains equal.}) 18... Bxg5 19. Nxg5 Ndxe5 ({Don't play} 19... Ncxe5 $6 20. f4 $11) 20. Nhf3 Nxf3+ $1 21. Qxf3 Rdg8 22. Ne4 Kb8 23. Nf6 $2 {[#]} (23. Nc3 $17 {was necessary.}) 23... Rg6 $1 $19 24. Rad1 {And now Rd7 would win.} Nd4 25. Qxb7+ Qxb7 26. Bxb7 Kxb7 27. Ne4 Nf3+ 28. Kg2 Nxe1+ 29. Rxe1 {[%mdl 4096] Endgame White hopes to continue with Nd6+. KRR-KRN} Rd8 30. Re3 f5 31. Nc3 f4 32. Rf3 fxg3 33. Rf7+ Kb8 {Strongly threatening ...Rd2!} 34. fxg3 Rd2+ 35. Rf2 Rxf2+ 36. Kxf2 {KR-KN} Rg4 37. b3 Rd4 38. Ke3 a6 39. Ne4 Rd1 40. g4 Kc7 41. g5 Kd7 42. Nc3 (42. Nd2 $142) 42... Ra1 43. Na4 Rxa3 44. Nxb6+ Ke7 45. Kd2 Rxb3 46. Na4 Kd6 47. Nc3 {[#]} Ke5 (47... Rxc3 $142 $1 48. Kxc3 Ke5 49. Kb3 Kf5 50. Ka4 Kxg5 51. Ka5 e5 52. Ka4 e4 53. Ka5 e3 54. Kb6 e2 55. Kxc5 e1=Q 56. Kd5 a5 57. c5 a4 58. c6 a3 59. Kd6 a2 60. c7 Qe8 61. Kd5 a1=Q 62. Kc4 Qc6+ {[%mdl 64] Double Attack} 63. Kd3 Qd1+ 64. Ke3 Qcf3#) 48. g6 {[#]} Rxc3 $1 {Black took control after the opening. Accuracy: White = 39%, Black = 88%.} 0-1

[Event "56th Rubinstein Memorial D 2020"]
[Site "Polanica Zdroj"]
[Date "2020.08.17"]
[Round "3.11"]
[White "Szuber, Dawid"]
[Black "Lukasiewicz, Aleksander"]
[Result "0-1"]
[WhiteElo "1523"]
[BlackElo "1960"]
[Annotator "TA"]
[PlyCount "112"]
[EventDate "2020.08.15"]
[EventType "swiss"]
[EventCountry "POL"]
[SourceTitle "playchess.com"]
[Source "ChessBase"]
[SourceQuality "1"]

{[%evp 10,112,-43,-31,-28,-25,50,42,35,-45,-43,-40,-50,-40,-47,-63,-64,-55,-59,-119,-99,-202,-202,-204,-202,-202,-201,-193,-199,-197,-211,-306,-301,-304,-298,-308,-297,-305,-211,-205,-168,-193,-175,-176,-166,-170,-158,-218,-214,-239,-240,-267,-267,-250,-252,-375,-376,-459,-449,-437,-412,-408,-408,-404,-407,-402,-402,-397,-393,-758,-306,-310,0,-760,-754,-733,-713,-682,-668,-886,-856,-870,-844,-687,0,-1055,0,0,0,0,0,-29973,-29974,-29982,-29983,-29983,-29984,-29984,-29985,-29983,-29986,-29986,-29984,-29984,-29985]} 1. e4 e5 2. Nc3 Nf6 3. g3 d5 4. exd5 Nxd5 5. Nge2 Nc6 6. Bg2 Be6 {C26: Vienna Game: 2...Nf6, sidelines .} 7. O-O Bc5 (7... Qd7 $11) 8. Na4 $14 Be7 {[#] White is slightly better.} 9. f4 $146 (9. d4 $1 $14) ({Predecessor:} 9. d4 exd4 10. Nxd4 Nxd4 11. Qxd4 Bf6 12. Qe4 Qe7 13. c4 Nb4 14. Qxb7 O-O 15. Bf4 {½-½ (62) Webster,I (2116)-O'Toole,G (1896) Telford 2005}) 9... exf4 $15 10. Nxf4 Nxf4 11. Rxf4 O-O 12. Nc3 Bg5 13. Rf1 Qd4+ 14. Kh1 (14. Rf2 $15) 14... Bg4 $36 {[%mdl 2048] Black is on the roll.} 15. Qe1 (15. Bf3 $17 Bh3 16. Bg2 Bxg2+ 17. Kxg2) 15... Rae8 $19 16. Qf2 Qxf2 17. Rxf2 Re1+ 18. Rf1 Rfe8 19. Kg1 Nd4 20. d3 (20. Rb1 $142) 20... Rxf1+ ({Much less strong is} 20... Nxc2 21. Rb1 $19) 21. Kxf1 Nxc2 22. Bxg5 Nxa1 23. Bxb7 Nc2 24. Be4 f5 25. Bd5+ Kh8 26. Kf2 Ne1 27. Bc4 Nf3 28. Bf4 (28. Be3 $17) 28... Nxh2 29. Bxc7 {[#]} Bh3 $1 {Hoping for ...Ng4+.} 30. Bf4 Ng4+ 31. Kf3 Bf1 32. b4 (32. Bb5 {was necessary.} Rd8 33. Bg5) 32... h6 33. b5 g5 34. Bd2 Ne5+ 35. Kf2 Nxc4 36. dxc4 Bxc4 {[%mdl 4096] Endgame KRB-KBN} 37. Be3 Re7 38. a4 Rb7 39. Ne2 $2 (39. Nd1) 39... Bb3 (39... Bxe2 $142 40. Kxe2 Kh7) 40. Nc3 Bc4 $2 (40... Kg7 41. a5 Rd7) 41. Ne2 $1 Bxe2 42. Kxe2 {KR-KB} Kg7 43. Kd3 Kf6 44. Kc4 Ke5 45. a5 Ke4 46. Bg1 Kf3 $2 {[#]} (46... f4 $19 47. gxf4 Rc7+ 48. Kb4 g4) 47. Kc5 $2 {[%mdl 8192]} (47. Bxa7 $1 $11 {[%mdl 512]} Rxa7 48. b6 Rxa5 49. b7) 47... Kxg3 $2 ({Better is} 47... Kg2 $19 48. Be3 Re7) 48. Kc6 $11 Rf7 {[#]} 49. Bxa7 $1 {[%mdl 512]} Rxa7 {KR-KPP} 50. a6 $2 {[%mdl 8192]} (50. b6 $11 Ra6 51. Kb5) 50... f4 {Black mates.} 51. Kb6 Ra8 52. Kb7 Rf8 53. a7 f3 54. a8=Q Rxa8 55. Kxa8 f2 56. b6 f1=Q {Accuracy: White = 56%, Black = 79%.} 0-1

[Event "56th Rubinstein Memorial D 2020"]
[Site "Polanica Zdroj"]
[Date "2020.08.17"]
[Round "3.12"]
[White "Klisowski, Bartosz"]
[Black "Pyka, Roman"]
[Result "0-1"]
[WhiteElo "1509"]
[BlackElo "1873"]
[Annotator "NA RC"]
[PlyCount "120"]
[EventDate "2020.08.15"]
[EventType "swiss"]
[EventCountry "POL"]
[SourceTitle "playchess.com"]
[Source "ChessBase"]
[SourceQuality "1"]
[TimeControl "40/5400+30:1800+30"]

{[%evp 8,120,22,-4,-5,-96,51,50,53,27,35,39,54,53,55,34,50,39,59,52,59,66,84,66,60,40,33,12,48,7,54,27,0,25,0,0,16,18,32,26,25,-27,-17,-42,0,-20,0,-25,-22,32767,32767,-64,-56,-83,0,0,-8,0,0,-77,-89,-126,-84,-100,-136,-427,-502,-5322,-860,-873,-912,-12832,-944,-889,-886,-951,-932,-12841,-5099,-818,-5402,-12842,-5659,-7436,-4366,-29964,-29957,-29969,-29976,-4952,-29975,-29981,-29959,-29973,-29974,-12847,-29977,-29975,-29969,-29978,-29979,-29979,32767,32767,32767,32767,32767,32767,32767,32767,32767,32767,-29987,-29988,-29989]} 1. Nf3 {[%emt 0:00:00]} Nf6 {[%emt 0:00:00]} 2. g3 {[%emt 0:00:00]} c5 {[%emt 0:00:00]} 3. Bg2 {[%emt 0:00:35]} Nc6 {[%emt 0:00:00]} 4. c4 {[%emt 0:00:50]} d5 {[%emt 0:00:00]} 5. d4 {[%emt 0:01:17]} dxc4 {[%emt 0:00:33]} 6. Qa4 {[%emt 0:02:10] A30: Symmetrical English: Double Fianchetto and Hedgehog.} (6. Be3 $11 {remains equal.}) 6... Qa5+ {[%emt 0:10:48]} (6... cxd4 $17 7. Nxd4 Qxd4 8. Bxc6+ Bd7 9. Bxd7+ Qxd7 10. Qxd7+ Kxd7) 7. Qxa5 {[%emt 0:01:27]} Nxa5 {[%emt 0:00:07]} 8. dxc5 {[%emt 0:01:40]} e6 {[%emt 0:01:00]} 9. Bd2 {[%emt 0:01:38]} Nc6 {[%emt 0:00:19]} 10. Na3 {[%emt 0:03:01]} Bxc5 {[%emt 0:00:31]} 11. Nxc4 {[%emt 0:01:59]} O-O {[%emt 0:00:31]} 12. O-O {[%emt 0:02:59]} Ne4 {[%emt 0:01:15] [#]} 13. Be3 $146 {[%emt 0:04:57]} ({Predecessor:} 13. Bf4 h6 14. h4 f6 15. Be3 Bxe3 16. Nxe3 Nd6 17. Rfd1 Nb5 18. Rd2 e5 19. Rad1 {½-½ (33) Czarnecka,L (1282)-Chrobot,P Jastrzebia Gora 2014}) 13... Bxe3 {[%emt 0:01:21]} 14. Nxe3 {[%emt 0:01:04]} Rd8 {[%emt 0:00:28]} 15. Rfd1 {[%emt 0:02:32]} Bd7 {[%emt 0:01:59]} 16. Nc4 {[%emt 0:02:58]} (16. Nd4 $5 {[%cal Rg2e4]} f5 17. Nb5 $14) 16... Be8 {[%emt 0:02:28]} 17. Nfe5 {[%emt 0:08:44]} Nxe5 {[%emt 0:01:15]} 18. Nxe5 {[%emt 0:00:25]} Nf6 {[%emt 0:00:59]} 19. Rac1 {[%emt 0:05:00]} Rxd1+ {[%emt 0:00:18]} 20. Rxd1 {[%emt 0:00:07]} Rc8 {[%emt 0:01:43]} 21. Bxb7 {[%emt 0:11:39]} Rb8 {[%emt 0:00:16]} 22. Bc6 {[%emt 0:06:45]} Rxb2 {[%emt 0:00:53]} 23. Rd8 {[%emt 0:01:05]} Kf8 {[%emt 0:00:09]} 24. Ra8 {[%emt 0:01:10]} Rxa2 {[%emt 0:02:21]} 25. g4 {[%emt 0:08:26]} h6 {[%emt 0:03:20]} 26. h4 {[%emt 0:00:53]} Ke7 {[%emt 0:01:05]} 27. g5 {[%emt 0:01:51]} hxg5 {[%emt 0:00:09]} 28. hxg5 {[%emt 0:00:03]} Nd7 {[%emt 0:01:15]} 29. Bxd7 {[%emt 0:02:17]} Bxd7 {[%emt 0:00:18]} 30. Rg8 {[%emt 0:01:37]} g6 {[%emt 0:02:02]} ({Black should try} 30... Be8 $1 $15 31. Rxg7 Kf8) 31. Rg7 {[%emt 0:00:53]} Be8 {[%emt 0:01:06]} 32. Nxg6+ $1 {[%emt 0:00:52]} Kd6 {[%emt 0:00:06]} 33. Nf4 {[%emt 0:01:06]} (33. Nh8 $1 $11) 33... a5 {[%emt 0:01:15]} 34. Nh5 {[%emt 0:06:49]} a4 {[%emt 0:04:15]} 35. Nf6 {[%emt 0:00:10] [#]} Bc6 $1 {[%emt 0:00:02]} 36. e4 $2 {[%emt 0:06:23]} (36. Rxf7 $17 Rxe2 37. Ra7) 36... Ke7 {[%emt 0:03:09]} 37. e5 {[%emt 0:01:13]} (37. Rh7 $142 Rb2 38. Ng8+ Kd6 39. Rxf7) 37... a3 {[%emt 0:00:09]} (37... Ra1+ $142 38. Kh2 Rh1+ 39. Kg3 a3) 38. f3 {[%emt 0:08:13]} Bxf3 {[%emt 0:00:32]} 39. Rg8 {[%emt 0:01:21]} Bc6 {[%emt 0:00:15]} 40. Rc8 {[%emt 0:00:50]} Rc2 {[%emt 0:00:51]} 41. Rc7+ {[%emt 0:30:57]} Kd8 {[%emt 0:30:15]} 42. Rxf7 {[%emt 0:01:42]} a2 {[%emt 0:01:56]} 43. Ra7 {[%emt 0:00:19]} Rc1+ {[%emt 0:00:38]} 44. Kf2 {[%emt 0:00:52]} a1=Q {[%emt 0:00:09]} 45. Rxa1 {[%emt 0:00:09]} Rxa1 {[%emt 0:00:05]} 46. g6 {[%emt 0:00:15]} Ra2+ {[%emt 0:00:09]} 47. Kf1 {[%emt 0:00:15]} Rg2 {[%emt 0:00:08]} 48. Nh5 {[%emt 0:00:51]} Rxg6 {[%emt 0:00:21]} 49. Nf4 {[%emt 0:00:04]} Rh6 {[%emt 0:00:10]} 50. Kf2 {[%emt 0:00:10]} Ke7 {[%emt 0:00:07]} 51. Ke3 {[%emt 0:00:07]} Kf7 {[%emt 0:00:14]} 52. Kf2 {[%emt 0:00:12]} Rh4 {[%emt 0:00:21]} 53. Ke3 {[%emt 0:00:05] [#]} Rxf4 $1 {[%emt 0:00:10]} 54. Kxf4 {[%emt 0:00:05]} Kg6 {[%emt 0:00:04]} 55. Ke3 {[%emt 0:00:15]} Kf5 {[%emt 0:00:11]} 56. Kd4 {[%emt 0:00:04]} Bb7 {[%emt 0:00:17]} 57. Ke3 {[%emt 0:00:08]} Kxe5 {[%emt 0:00:11]} 58. Ke2 {[%emt 0:00:02]} Ke4 {[%emt 0:00:07]} 59. Kd2 {[%emt 0:00:05]} Ba6 {[%emt 0:00:10]} 60. Ke1 {[%emt 0:00:04]} Kf3 {[%emt 0:00:10]} 0-1

[Event "56th Rubinstein Memorial D 2020"]
[Site "Polanica Zdroj"]
[Date "2020.08.17"]
[Round "3.13"]
[White "Bukala, Weronika"]
[Black "Szydelko, Kazimierz"]
[Result "1-0"]
[WhiteElo "1504"]
[BlackElo "1713"]
[Annotator "NA"]
[PlyCount "89"]
[EventDate "2020.08.15"]
[EventType "swiss"]
[EventCountry "POL"]
[SourceTitle "playchess.com"]
[Source "ChessBase"]
[SourceQuality "1"]
[TimeControl "40/5400+30:1800+30"]

1. d4 {[%emt 0:00:00]} Nf6 {[%emt 0:00:00]} 2. Bg5 {[%emt 0:00:00]} e6 {[%emt 0:00:41]} 3. e4 {[%emt 0:00:00]} Be7 {[%emt 0:01:30]} 4. e5 {[%emt 0:00:03]} Nd5 {[%emt 0:00:43]} 5. Bxe7 {[%emt 0:00:31]} Qxe7 {[%emt 0:00:21]} 6. c4 {[%emt 0:00:59]} Nb6 {[%emt 0:01:17]} 7. Nc3 {[%emt 0:00:49]} d6 {[%emt 0:05:48]} 8. Qg4 {[%emt 0:04:39]} O-O {[%emt 0:03:19]} 9. Nf3 {[%emt 0:02:07]} f6 {[%emt 0:02:55]} 10. exf6 {[%emt 0:03:53]} Qxf6 {[%emt 0:00:48]} 11. Bd3 {[%emt 0:02:27]} e5 {[%emt 0:01:52]} 12. Qh5 {[%emt 0:02:53]} g6 {[%emt 0:00:34]} 13. dxe5 {[%emt 0:02:21]} dxe5 {[%emt 0:07:11]} 14. Qh6 {[%emt 0:03:09]} Bf5 {[%emt 0:08:16]} 15. Ng5 {[%emt 0:13:12]} Qe7 {[%emt 0:06:06]} 16. O-O-O {[%emt 0:01:46]} Nc6 {[%emt 0:28:07]} 17. c5 {[%emt 0:06:47]} Bxd3 {[%emt 0:00:30]} 18. Rxd3 {[%emt 0:00:30]} Rf5 19. h4 Nb4 {[%emt 0:05:10]} 20. Rdd1 {[%emt 0:08:10]} Nc4 {[%emt 0:03:05]} 21. a3 {[%emt 0:01:42]} Nc6 {[%emt 0:02:00]} 22. Nd5 {[%emt 0:04:27]} Qg7 {[%emt 0:00:09]} 23. Qxg7+ {[%emt 0:00:16]} Kxg7 {[%emt 0:00:00]} 24. Nxc7 {[%emt 0:01:12]} Nd4 {[%emt 0:02:29]} 25. Nce6+ {[%emt 0:09:14]} Nxe6 {[%emt 0:02:45]} 26. Rd7+ {[%emt 0:00:39]} Kg8 {[%emt 0:03:35]} 27. Nxe6 {[%emt 0:00:08]} Rf6 {[%emt 0:04:23]} 28. Ng5 {[%emt 0:01:51]} Rc6 {[%emt 0:00:51]} 29. Nxh7 {[%emt 0:03:45]} Rxc5 {[%emt 0:00:15]} 30. Nf6+ {[%emt 0:02:54]} Kf8 {[%emt 0:00:07]} 31. Ne4 {[%emt 0:00:34]} Rc6 {[%emt 0:01:26]} 32. Nc3 {[%emt 0:00:51]} b5 {[%emt 0:02:56]} 33. Kc2 {[%emt 0:03:19]} a5 {[%emt 0:00:59]} 34. Kb3 {[%emt 0:04:02]} Nb6 {[%emt 0:05:57]} 35. Rh7 {[%emt 0:01:48]} Kg8 {[%emt 0:00:07]} 36. Re7 {[%emt 0:00:21]} a4+ {[%emt 0:00:52]} 37. Ka2 {[%emt 0:00:51]} Nc4 {[%emt 0:00:04]} 38. Rd1 {[%emt 0:05:07]} Rac8 {[%emt 0:00:38]} 39. Rdd7 {[%emt 0:01:09]} Nxb2 {[%emt 0:00:27]} 40. Nd5 {[%emt 0:02:37]} Nd3 {[%emt 0:01:04]} 41. Rg7+ {[%emt 0:30:43]} Kh8 {[%emt 0:30:16]} 42. Rh7+ {[%emt 0:02:21]} Kg8 {[%emt 0:00:06]} 43. Rdg7+ {[%emt 0:00:55]} Kf8 {[%emt 0:00:09]} 44. Rf7+ {[%emt 0:00:13]} Ke8 {[%emt 0:00:47]} 45. Re7+ {[%emt 0:00:16]} 1-0